Skład reprezentacji Polski na MŚ 2018 - Statystyki

Ogólne statystyki
  • Ten quiz został rozwiązany 1 123 razy
  • Średni wynik to 17 z 23
Statystyki odpowiedzi
Nr. Pozycja Imię i nazwisko % Poprawnych
1. Bramkarz Wojciech Szczęsny
100%
9. Napastnik Robert Lewandowski
98%
7. Napastnik Arkadiusz Milik
95%
22. Bramkarz Łukasz Fabiański
95%
15. Obrońca Kamil Glik
94%
10. Pomocnik Grzegorz Krychowiak
90%
2. Obrońca Michał Pazdan
84%
19. Pomocnik Piotr Zieliński
84%
5. Obrońca Jan Bednarek
83%
11. Pomocnik Kamil Grosicki
83%
16. Pomocnik Jakub Błaszczykowski
82%
20. Obrońca Łukasz Piszczek
81%
3. Obrońca Artur Jędrzejczyk
69%
18. Obrońca Bartosz Bereszyński
68%
13. Pomocnik Maciej Rybus
68%
4. Obrońca Thiago Cionek
68%
8. Pomocnik Karol Linetty
63%
23. Napastnik Dawid Kownacki
58%
14. Napastnik Łukasz Teodorczyk
55%
6. Pomocnik Jacek Góralski
52%
12. Bramkarz Bartosz Białkowski
45%
17. Pomocnik Sławomir Peszko
43%
21. Pomocnik Rafał Kurzawa
37%
Nie znaleziono quizów pasujących do podanych kryteriów
Rozkład punktacji
Procent ludzi z każdym wynikiem
Percentyl według liczby udzielonych odpowiedzi
Twoja historia wyników
Nie rozwiązałeś tego quizu